Loading...

Vidyabhyasam oru margarekha /

Bibliographic Details
Main Author: Nataraja Guru
Language:Undetermined
Published: Varkala : Narayana gurukulam , 2002.
Edition:2nd ed.
Subjects:
LEADER 00599nam a2200181Ia 4500
001 141144
008 170722s9999 xx 000 0 und d
100 |a Nataraja Guru 
245 |a Vidyabhyasam oru margarekha / 
250 |a 2nd ed. 
260 |a Varkala :  |b Narayana gurukulam ,  |c 2002. 
300 |a 151 p. 
500 |a Tr Muni Narayana Prasad 
653 |a Education 
923 |d 20050513  |n 7092 
942 |c GEN 
999 |c 130798  |d 130798 
952 |0 0  |1 0  |4 0  |6 T__1_000000000000000_P2KR  |7 0  |8 KR  |9 184880  |a LIB  |b LIB  |d 2013-03-25  |e Kerala Book Marketing Society  |o T.1 P2(KR)  |p 258008  |r 2017-08-12  |v 65.00  |w 2017-08-12  |y GEN